[Event "FRM-ch op 25th"]
[Site "Struga"]
[Date "2016.07.16"]
[Round "1"]
[White "Nikolovska, Dragana"]
[Black "Bogdanovski, Vlatko"]
[Result "0-1"]
[WhiteElo "1878"]
[BlackElo "2392"]
[PlyCount "70"]
[EventDate "2016.07.16"]
[EventType "swiss"]
[EventRounds "9"]
[EventCountry "MKD"]
[SourceTitle "CBM 173 Extra"]
[Source "ChessBase"]
[SourceDate "2016.08.29"]
[SourceVersion "1"]
[SourceVersionDate "2016.08.29"]
[SourceQuality "1"]

1. e4 Nf6 2. e5 Nd5 3. d4 d6 4. c4 Nb6 5. exd6 exd6 6. Nc3 Be7 7. h3 Bf6 8. Be3 0-0 9. Bd3 Nc6 10. Nf3 d5 11. c5 Nc4 12. 0-0 Nxe3 13. fxe3 Be6 14. Rb1 Re8 15. b4 a6 16. a4 a5 17. bxa5 Nxa5 18. Qc2 h6 19. Nd2 Bg5 20. Rf3 Re7 21. Rbf1 Nc6 22. R1f2 Nb4 23. Bh7+ Kh8 24. Qb1 Na6 25. Bd3 c6 26. Qf1 Qd7 27. Nb3 Nc7 28. a5 Rae8 29. Ne2 Bh4 30. Ng3 g6 31. Nc1 f5 32. Nce2 Bf7 33. Qc1 Bg5 34. Nf4 Bxf4 35. Rxf4 Rxe3 0-1

[Event "Thessaloniki Triandria-A 9th"]
[Site "Thessaloniki"]
[Date "2016.05.05"]
[Round "4"]
[White "Bogdanovski, Vlatko"]
[Black "Ioannidis, Evgenios"]
[Result "1/2-1/2"]
[WhiteElo "2395"]
[BlackElo "2261"]
[PlyCount "39"]
[EventDate "2016.05.03"]
[EventType "swiss"]
[EventRounds "7"]
[EventCountry "GRE"]
[SourceTitle "EXT 2024"]
[Source "ChessBase"]
[SourceDate "2023.10.10"]
[SourceVersion "1"]
[SourceVersionDate "2023.10.10"]
[SourceQuality "1"]

1. d4 Nf6 2. c4 c6 3. Nc3 d5 4. cxd5 cxd5 5. Bf4 Nc6 6. e3 Bg4 7. Qb3 Na5 8. Qa4+ Bd7 9. Qc2 Rc8 10. Nf3 e6 11. Bd3 Be7 12. 0-0 0-0 13. Ne5 b5 14. a3 Nc4 15. Qe2 a5 16. Nxd7 Qxd7 17. a4 b4 18. Nb5 Ne4 19. Rfc1 Ned6 20. Nxd6 1/2-1/2

[Event "Skopje Karposh op"]
[Site "Skopje"]
[Date "2016.04.06"]
[Round "8"]
[White "Veleski, Robert"]
[Black "Bogdanovski, Vlatko"]
[Result "1-0"]
[WhiteElo "2168"]
[BlackElo "2404"]
[PlyCount "81"]
[EventDate "2016.04.01"]
[EventType "swiss"]
[EventRounds "9"]
[EventCountry "MKD"]
[SourceTitle "EXT 2017"]
[Source "ChessBase"]
[SourceDate "2016.10.25"]
[SourceVersion "1"]
[SourceVersionDate "2016.10.25"]
[SourceQuality "1"]

1. e4 c6 2. d4 d5 3. e5 Bf5 4. Nf3 e6 5. Be2 Nd7 6. 0-0 Ne7 7. Nh4 Be4 8. Nd2 c5 9. c3 Nc6 10. Nhf3 Bg6 11. Bb5 Qb6 12. Qa4 a6 13. Bxc6 Qxc6 14. Qxc6 bxc6 15. Re1 cxd4 16. Nxd4 c5 17. N4f3 Nb6 18. b3 Be7 19. a4 0-0 20. a5 Nd7 21. Ba3 Rab8 22. c4 Rfe8 23. cxd5 exd5 24. e6 fxe6 25. Rxe6 Bf6 26. Rae1 Bc3 27. Re7 Red8 28. R7e6 Bxa5 29. Rxa6 Bc3 30. Re7 Bf6 31. Ree6 Bf7 32. Rec6 c4 33. bxc4 dxc4 34. h4 Ne5 35. Rc7 c3 36. Nf1 Nc4 37. Ng5 Bxg5 38. hxg5 Rb1 39. Raa7 Ne5 40. f4 Nd7 41. Be7 1-0